Commentary on the 1965 Amendments to the Insolvency Act, No. 24 of 1963 : (Record no. 85)

MARC details
000 -LEADER
fixed length control field 00566nam a22001577a 4500
005 - DATE AND TIME OF INPUT
control field 20231026123129.0
008 - DATA ELEMENTS--GENERAL INFORMATION
fixed length control field 231026b |||||||| |||| 00| 0 eng d
041 ## - LANGUAGE CODE
Language code of text English
082 ## - SHELF NUMBER
DDC number 346.7 NAT
100 ## - MAIN AUTHOR
Main author's name Nathan, CJM
Language of a work English
245 ## - TITLE STATEMENT
Title Commentary on the 1965 Amendments to the Insolvency Act, No. 24 of 1963 :
Sub-title With a Reprint of the 1963 Act as Amended up to and including 1965 /
Statement of responsibility, etc. CJM Nathan
260 ## - PUBLICATION, DISTRIBUTION, ETC.
Place of publication, distribution, etc. Durban :
Name of publisher, distributor, etc. Butterworths,
Date of publication, distribution, etc. 1965
300 ## - PHYSICAL DESCRIPTION
Other physical details 92 pages;
Dimensions 25,5 cm.
650 ## - SUBJECT`
Broad subject Legal practice
Own subject terms Law
942 ## - ADDED ENTRY ELEMENTS (KOHA)
Item type Books
942 ## - ADDED ENTRY ELEMENTS (KOHA)
-- ALISON_BN_VRIES
Holdings
Source of classification or shelving scheme Not for loan Collection code Home library Current library Shelving location Date acquired Full call number Barcode Price effective from Koha item type
Dewey Decimal Classification   TEXT BOOKS LAW SOCIETY OF NAMIBIA LIBRARY - WINDHOEK LAW SOCIETY OF NAMIBIA LIBRARY - WINDHOEK INSOLVENCY AND INSURANCE 10/26/2023 346.7 NAT LSN/1987/300 10/26/2023 Books